Statistics for Countries By Milk Consumption

Click here to take the quiz!

General Stats

  • This quiz has been taken 13 times
  • The average score is 5 of 10

Answer Stats

kg/capitaAnswer% Correct
341.23 kg/capitaSweden
85%
430.76 kg/capitaFinland
69%
341.47 kg/capitaNetherlands
69%
284.65 kg/capitaEstonia
62%
318.69 kg/capitaSwitzerland
62%
291.86 kg/capitaIreland
46%
295.46 kg/capitaLithuania
46%
288.12 kg/capitaKazakhstan
23%
303.72 kg/capitaAlbania
0%
349.21 kg/capitaMontenegro
0%

Score Distribution

Percentile by Number Answered

Percent of People with Each Score

Your Score History

You have not taken this quiz